000 00680nam a2200229Ia 4500
003 GCL
008 140319s9999 xx 000 0 ara d
040 _aGCL /
_cGCL
082 0 4 _a813.009
_bح ف
100 1 _aحسن النبراوى
245 1 0 _aفن القصة الفصيرة عن نجيب محفوظ /
_cحسن النبراوى
260 _a[S.N] :
_bمكتبة الانجلوالمصرية ،
_c1988
300 _a390 ص
490 _a
650 0 4 _aالادب العربى
650 0 4 _aالعصر الحديث
650 0 4 _aالقصص العربية
650 0 4 _aمصر
650 0 4 _aنجيب محفوظ
650 0 4 _aتاريخ ونقد
942 _2ddc
_cBK
999 _c31820
_d31820